000 00370nam a2200133Ia 4500
005 20260328101449.0
008 260328s9999||||xx |||||||||||||| ||und||
100 _aLópez de Asiaín, Jaime
245 0 _aArquitectura, Ciudad, Medioambiente /
_cJaime López de Asiaín
260 _bJunta de Andalucía
300 _a214 p.
650 _aARQUITECTURA Y CLIMA
942 _cBK
999 _c8596
_d8596